Nhóm đồng điều của một phức đơn hình và ứng dụng
Đơn hình. Phức đơn hình. Thứ phân trọng tâm. Ánh xạ đơn hình. Nhóm abel tự do sinh bởi một tập. Nhóm đồng điều của một phức đơn hình và ứng dụng
Sparad:
| Huvudupphovsman: | |
|---|---|
| Övriga upphovsmän: | |
| Materialtyp: | Bok |
| Publicerad: |
Đà Nẵng
Đại học Sư phạm, Đại học Đà Nẵng
2012
|
| Ämnen: | |
| Taggar: |
Lägg till en tagg
Inga taggar, Lägg till första taggen!
|
| Thư viện lưu trữ: | Mạng thư viện Đại học Đà Nẵng |
|---|
| LEADER | 01678nam a2200337 4500 | ||
|---|---|---|---|
| 001 | 000017428 | ||
| 003 | 13846 | ||
| 005 | 20130416090429.0 | ||
| 008 | 130416s2012 sd | ||
| 082 | |a 514.223 |b PH-M | ||
| 100 | 1 | |a Phan Trần Đức Minh | |
| 245 | |a Nhóm đồng điều của một phức đơn hình và ứng dụng |c Phan Trần Đức Minh ; Lê Hoàng Trí hướng dẫn |k Khóa luận tốt nghiệp | ||
| 260 | |a Đà Nẵng |b Đại học Sư phạm, Đại học Đà Nẵng |c 2012 | ||
| 300 | |a 51 tr. |c 29 cm. |e Đĩa CD, bản tóm tắt | ||
| 500 | |a Khóa luận tốt nghiệp đại học. Chuyên ngành: Sư phạm Toán | ||
| 504 | |a Mục lục đầu trang, tài liệu tham khảo tr. 73 - 74, phụ lục [13 tr.] | ||
| 520 | |a Đơn hình. Phức đơn hình. Thứ phân trọng tâm. Ánh xạ đơn hình. Nhóm abel tự do sinh bởi một tập. Nhóm đồng điều của một phức đơn hình và ứng dụng | ||
| 600 | 1 | 4 | |b Vua |c Đinh Tiên Hoàng |
| 650 | 0 | 4 | |a Phức đơn hình |v Khóa luận tốt nghiệp |x Ứng dụng |
| 653 | |a Khoa Toán |a Phức đơn hình |a Nhóm đồng điều | ||
| 700 | |a Lê Hoàng Trí |c T.S |e Hướng dẫn | ||
| OWN | |a LSP | ||
| AVA | |a UDN50 |b LSP |d 514.223 PH-M |e available |t Error 5001 Not defined in file expand_doc_bib_avail. |f 1 |g 0 |h N |i 0 |k 1 | ||
| 999 | |a From the UDN01 | ||
| AVA | |a UDN50 |b LSP |d 514.223 PH-M |e available |t Error 5001 Not defined in file expand_doc_bib_avail. |f 1 |g 0 |h N |i 0 |k 1 | ||
| TYP | |a Monograph | ||
| TYP | |a Printed language | ||
| 980 | |a Mạng thư viện Đại học Đà Nẵng | ||